離島市町村クイズ - Statistics

General Stats
  • This quiz has been taken 291 times
    186 since last reset
  • The average score is 49 of 63
Answer Stats
都道府県名 市町村名 % Correct
新潟県 佐渡市
96%
東京都 小笠原村
94%
北海道 利尻町
93%
東京都 大島町
93%
東京都 八丈町
92%
島根県 隠岐の島町
92%
長崎県 対馬市
92%
北海道 利尻富士町
91%
東京都 青ヶ島村
91%
香川県 小豆島町
91%
長崎県 五島市
91%
鹿児島県 奄美市
91%
北海道 奥尻町
90%
北海道 礼文町
90%
長崎県 壱岐市
90%
沖縄県 石垣市
90%
沖縄県 宮古島市
89%
沖縄県 与那国町
89%
鹿児島県 屋久島町
88%
鹿児島県 十島村
86%
東京都 利島村
85%
東京都 三宅村
85%
東京都 新島村
83%
東京都 御蔵島村
83%
新潟県 粟島浦村
83%
長崎県 新上五島町
83%
鹿児島県 中種子町
83%
沖縄県 南大東村
83%
沖縄県 北大東村
82%
東京都 神津島村
81%
鹿児島県 西之表市
81%
鹿児島県 三島村
81%
鹿児島県 南種子町
81%
鹿児島県 与論町
80%
香川県 土庄町
78%
大分県 姫島村
78%
沖縄県 竹富町
76%
島根県 知夫村
75%
鹿児島県 徳之島町
73%
沖縄県 久米島町
73%
島根県 海士町
72%
鹿児島県 喜界町
72%
鹿児島県 瀬戸内町
72%
香川県 直島町
71%
長崎県 小値賀町
68%
沖縄県 伊江村
67%
島根県 西ノ島町
66%
鹿児島県 宇検村
65%
沖縄県 伊是名村
65%
沖縄県 伊平屋村
65%
沖縄県 渡名喜村
65%
鹿児島県 龍郷町
64%
沖縄県 粟国村
64%
沖縄県 渡嘉敷村
64%
広島県 大崎上島町
63%
鹿児島県 和泊町
63%
鹿児島県 知名町
61%
鹿児島県 伊仙町
60%
沖縄県 多良間村
60%
沖縄県 座間味村
59%
鹿児島県 天城町
58%
鹿児島県 大和村
58%
愛媛県 上島町
55%
No matching quizzes found
Score Distribution
Percent of People with Each Score
Percentile by Number Answered
Your Score History
You have not taken this quiz since the last reset